000 00533nam a2200181Ia 4500
003 GCL
008 140319s9999 xx 000 0 ara d
040 _aGCL /
_cGCL
082 0 4 _a355
_bش ت
100 1 _aفريد انطونيوس (مترجم)
245 1 0 _aتاريخ الفنون العسكرية /
_cفريد انطونيوس (مترجم)
700 1 _aشنيدر، فرنسان
300 _a133 ص
490 _aزدنى علما
_v0
650 0 4 _aتاريخ
650 0 4 _aالفنون العسكرية
942 _2ddc
_cBK
999 _c46655
_d46655